MARC보기
LDR00000nam c2200205 c 4500
001000000338180
00520250611095954
007ta
008250525s2025 ulkad r 000a kor
020 ▼a 9791166275777 ▼g 93510 : ▼c \30000
040 ▼a 248032 ▼c 248032 ▼d 248032
0490 ▼l EM110853 ▼v 1
056 ▼a 512.8 ▼2 4
090 ▼a 512.8 ▼b 간95가
24520 ▼a 간호 알고리즘 PRO-A1 = ▼x Nursing Algorithm. ▼n 1 ▼p 호흡기내과 / ▼d 간호사연구소, ▼e 소년간호사
250 ▼a 첫째판
260 ▼a 서울 : ▼b Fornurse(포널스), ▼c 2025
300 ▼a 211 p. : ▼b 천연색삽화, 표 ; ▼c 30 cm
49010 ▼a 포널스 = ▼a Fornurse ; ▼v Fc-47
500 ▼a 저자: 한동수, 전호웅, 홍지수, 김근호, 알엔지야, 하혜진, 이강용, 모형중
504 ▼a 참고문헌(p. 210-211) 수록
505 ▼n A1. ▼t 호흡기내과 -- ▼n A2. ▼t 심장내과 -- ▼n A3. ▼t 혈액종양내과 -- ▼n A4. ▼t 소화기내과/간담췌내과 -- ▼n A5. ▼t 신장내과 -- ▼n A6. ▼t 일반외과/정형외과 -- ▼n A7. ▼t 신경외과
653 ▼a 간호학 ▼a 호흡기내과 ▼a 알고리즘
7001 ▼a 한동수
7001 ▼a 전호웅
7001 ▼a 홍지수
7001 ▼a 김근호
7001 ▼a 알엔지야
7001 ▼a 하혜진
7001 ▼a 이강용
7001 ▼a 모형중
710 2 ▼a 간호사연구소
710 2 ▼a 소년간호사
740 2 ▼a 호흡기내과
830 ▼a 포널스 ; ▼v Fc-47
830 ▼a Fornurse ; ▼v Fc-47
940 ▼a 간호 알고리즘 프로
9500 ▼b \30000
990 ▼a 관리자2 ▼b 관리자2